000 00345nam a2200157Ia 4500
003 OSt
005 20240306161307.0
008 170523s9999 xx 000 0 und d
020 _anil
040 _ciimtu meerut
100 _aCATEORA- GRAHAM
245 0 _aINTERNATIONAL BUSINESS
260 _bMC GRAW HILL
260 _c2002
942 _2ddc
_c02
999 _c1060
_d1060